000 01402nam a22003857a 4500
005 20260328152051.0
008 260328b2000 cau||||| ||q| 00| fneng d
024 _q794043520228
028 _b794043520228
040 _aaue
_caue
_erda
041 _aeng
050 0 _aPN1997
_b .T48 2000
245 0 0 _aThirteen days/
_cdirected by Roger Donaldson.
264 1 _a[United States] :
_bNew Line Home Entertainment,
_c2000.
300 _a1 DVD (130 min.) :
_bsound, color ;
_c4 3/4 in.
336 _2rdacontent
_atwo-dimensional moving image
_btdi
337 _2rdamedia
_avideo
_bv
338 _2rdacarrier
_avideodisc
_bvd
344 _2rda
_adigital
_boptical
347 _2rda
_avideo file
_bDVD video
500 _aOriginally released as a motion picture in 2000.
508 _aDirector, Roger Donaldson.
511 1 _aKevin Costner, Bruce Greenwood.
520 _aA dramatization of the Cuban Missile Crisis of 1962 and the decisions made by President John F. Kennedy and his advisors.
538 _aDVD; region 1; NTSC; widescreen.
546 _aIn English.
650 0 _aCuban Missile Crisis, 1962
_xDrama.
650 0 _aCold War
_xDrama.
650 0 _2lcgft
_aHistorical films.
700 1 _aDonaldson, Roger,
_efilm director.
700 1 _aCostner, Kevin,
_eactor.
700 1 _aGreenwood, Bruce
_eactor.
710 _aNew Line Cinema,
_eproduction company.
942 _2lcc
_cCD
_n0
999 _c30506
_d30506